000 00945cam a22002292 4500
001 0000002975
005 20151217151910.0
008 070425s xx 000 0 eng d
020 _a9782785490 :
_cKES 1,640
040 _aKABU
_cKABU
050 0 _aHG3891
_b.O23 1999
100 1 _aObadan, Michael I.
_@0000152534
245 1 0 _aInternational capital flows and the recent financial crises :
_bwhat have we learned? /
_cby Mike I. Obadan.
260 _aIbadan, Nigeria :
_bPublished for the Nigerian Economic Society by the National Centre for Economic Management and Administration,
_c1999.
300 _aviii, 70 p. :
_bill. ;
_c23 cm.
650 0 _aCapital movements.
_@0000152535
650 0 _aFinancial crises.
_@0000152536
710 2 _aNigerian Economic Society. Conference
_cAbuja, Federal Capital Territory, Nigeria :
_d1999.
_@0000152537
908 _a070425
950 _@1
999 _c6142
_d6142